A-Z: words ending in K - Statistics

General Stats
  • This quiz has been taken 83 times
  • The average score is 12 of 25
Answer Stats
Initial letter Clue Word ending in K % Correct
A Large boat used by Noah in the Bible Ark
100%
I Liquid used for writing Ink
92%
K Strike with the foot; also a buzz, a high Kick
92%
J Tool used to raise a car; also a playing card Jack
90%
Q Rapid Quick
90%
E Moose Elk
89%
O Common large deciduous tree in Europe Oak
86%
W Tasks, employment Work
86%
M Punk hairstyle taking its name from a tribe of New York state Mohawk
81%
D Damp and unpleasant Dank
58%
N Small pad of paper Notebook
51%
C A bent part of an axle/shaft Crank
40%
F Sound which comes out of a speaker, back into the instrument and builds up in a loop Feedback
40%
B A lizard of the Americas; also a mythical reptile Basilisk
38%
U Undo the sewing of; or carefully analyse the different elements of Unpick
25%
P Garden tool with multiple blades, for digging Pitchfork
23%
Y A standard by which the success or value of something can be judged Yardstick
19%
H A distinctive characteristic of something Hallmark
15%
L Interlaced strips of wood or metal Latticework
12%
T Astonished Thunderstruck
12%
R An approach of a government to decision-making, based on practicalities rather than principles Realpolitik
11%
S Term from Yiddish for cheap, inferior goods Schlock
8%
V A promotional booklet with pictures Viewbook
8%
G Medium-sized wading bird with a slightly upturned bill Greenshank
7%
Z An inmate of a Soviet prison camp Zek
5%
No matching quizzes found
Score Distribution
Percent of People with Each Score
Percentile by Number Answered
Your Score History
You have not taken this quiz